| 000 | 00462nam a2200193Ia 4500 | ||
|---|---|---|---|
| 005 | 20240823022622.0 | ||
| 008 | 240823s9999||||xx |||||||||||||| ||und|| | ||
| 020 | _a0-7506-4388-9 | ||
| 041 | _aENGLISH | ||
| 082 | _A658.4063 P6 | ||
| 100 | _a"Drucker,Peter F" | ||
| 245 | 0 | _aInnovation and Entrepreneurship | |
| 250 | _a1st | ||
| 260 |
_c2006 _bEls _aJapan |
||
| 500 | _aYES | ||
| 650 |
_aInnovation _bManagement Studies |
||
| 942 | _cBK | ||
| 999 |
_c179603 _d179603 |
||